[Event "Munich Youngsters IM Challenge"]
[Site "Munich"]
[Date "2023.10.09"]
[Round "3"]
[White "Jaggy, Matteo"]
[Black "Loeffler, Stefan"]
[Result "1-0"]
[WhiteElo "2175"]
[BlackElo "2332"]
[PlyCount "75"]
[EventDate "2023.10.08"]
[EventType "team-tourn"]
[EventRounds "9"]
[EventCountry "GER"]
[SourceTitle "Mega2024 Update 01"]
[Source "Chessbase"]
[SourceDate "2023.11.12"]
[SourceVersion "1"]
[SourceVersionDate "2023.11.12"]
[SourceQuality "1"]
[WhiteTeam "Challenger IV"]
[BlackTeam "Challenger II"]
[WhiteTeamCountry "GER"]
[BlackTeamCountry "GER"]

1. d4 Nf6 2. c4 c5 3. d5 g6 4. Nc3 Bg7 5. e4 0-0 6. Nf3 d6 7. h3 e6 8. Bd3 Na6 9. 0-0 e5 10. Bg5 h6 11. Be3 Nh5 12. Qc1 g5 13. Bb1 Nf4 14. Kh2 Bd7 15. Ng1 Qc8 16. Nb5 Bxb5 17. cxb5 Nc7 18. g3 Nxb5 19. a4 Nc7 20. gxf4 exf4 21. Bd2 Be5 22. Bc3 f6 23. Bxe5 fxe5 24. Qd1 Kg7 25. Bd3 Rh8 26. Be2 Qg8 27. Bg4 h5 28. Bxh5 Qh7 29. Bf3 Ne8 30. Qe2 Nf6 31. Rae1 Qh4 32. Kg2 Rag8 33. Bg4 Kf8 34. Nf3 Qh7 35. Rh1 Qc7 36. Nd2 Rh4 37. Rc1 Rgh8 38. Nf3 1-0

[Event "Davos Challenge op"]
[Site "Davos"]
[Date "2022.06.06"]
[Round "6"]
[White "Jaggy, Matteo"]
[Black "Buehler, Michael"]
[Result "1/2-1/2"]
[WhiteElo "2053"]
[BlackElo "2080"]
[PlyCount "78"]
[EventDate "2022.06.03"]
[EventType "swiss"]
[EventRounds "7"]
[EventCountry "SUI"]
[SourceTitle "CBM 208 Extra"]
[Source "ChessBase"]
[SourceDate "2022.07.31"]
[SourceVersion "1"]
[SourceVersionDate "2022.07.31"]
[SourceQuality "1"]

1. d4 Nf6 2. c4 b6 3. Nc3 Bb7 4. Nf3 e6 5. Bf4 Bb4 6. e3 Bxc3+ 7. bxc3 d6 8. Be2 0-0 9. 0-0 Nbd7 10. Nd2 Ne4 11. Nxe4 Bxe4 12. f3 Bb7 13. Bd3 f5 14. Qc2 Kh8 15. Rad1 Qe7 16. Bg3 Qf7 17. Qb1 Rab8 18. Qb5 Qe7 19. Rfe1 h6 20. Qb1 Qf7 21. Bf1 g5 22. Qb3 Qe7 23. Qa4 h5 24. Bd3 h4 25. Bf2 h3 26. e4 hxg2 27. exf5 Bxf3 28. Be2 Bxe2 29. Rxe2 e5 30. dxe5 Nxe5 31. Bd4 Qf6 32. Rde1 Nf3+ 33. Kxg2 Nxd4 34. cxd4 Qxd4 35. Re7 Qg4+ 36. Kh1 Qf3+ 37. Kg1 Qg4+ 38. Kh1 Qf3+ 39. Kg1 Qg4+ 1/2-1/2

[Event "Davos Challenge op"]
[Site "Davos"]
[Date "2022.06.06"]
[Round "7"]
[White "Yakimenko, Alexander A"]
[Black "Jaggy, Matteo"]
[Result "1/2-1/2"]
[WhiteElo "2018"]
[BlackElo "2053"]
[PlyCount "67"]
[EventDate "2022.06.03"]
[EventType "swiss"]
[EventRounds "7"]
[EventCountry "SUI"]
[SourceTitle "CBM 208 Extra"]
[Source "ChessBase"]
[SourceDate "2022.07.31"]
[SourceVersion "1"]
[SourceVersionDate "2022.07.31"]
[SourceQuality "1"]

1. e4 c5 2. Nc3 Nc6 3. g3 g6 4. Bg2 Bg7 5. d3 d6 6. Bg5 Rb8 7. Qc1 b5 8. a3 a5 9. Nf3 b4 10. axb4 axb4 11. Nd5 Qd7 12. Bd2 e6 13. Ne3 Nge7 14. h4 h5 15. 0-0 Bb7 16. Re1 d5 17. exd5 exd5 18. Ng5 0-0 19. Bh3 Qd8 20. Ng2 Bc8 21. Bf4 Rb7 22. Ra8 Ra7 23. Rxa7 Nxa7 24. Qe3 Nec6 25. Bxc8 Bd4 26. Qd2 Nxc8 27. c3 Bf6 28. Nf3 Nd6 29. Bg5 Nf5 30. Ne3 Nxe3 31. Qxe3 Bxg5 32. Qxg5 Qxg5 33. hxg5 Rb8 34. Ne5 1/2-1/2

[Event "SUI-ch TP1"]
[Site "Payerne"]
[Date "2022.05.26"]
[Round "2"]
[White "Stijve, Theo"]
[Black "Jaggy, Matteo"]
[Result "1-0"]
[WhiteElo "2341"]
[BlackElo "1999"]
[PlyCount "39"]
[EventDate "2022.05.26"]
[EventType "swiss"]
[EventRounds "7"]
[EventCountry "SUI"]
[SourceTitle "CBM 208 Extra"]
[Source "ChessBase"]
[SourceDate "2022.07.31"]
[SourceVersion "1"]
[SourceVersionDate "2022.07.31"]
[SourceQuality "1"]

1. d4 Nf6 2. c4 g6 3. h4 h5 4. Nc3 d5 5. Bg5 dxc4 6. e4 Bg7 7. Bxc4 0-0 8. Nge2 Nc6 9. e5 Ng4 10. f3 Nh6 11. Qd2 Kh7 12. g4 hxg4 13. h5 Nxe5 14. hxg6+ fxg6 15. dxe5 Qxd2+ 16. Kxd2 gxf3 17. Nf4 f2 18. Rxh6+ Bxh6 19. Rh1 b5 20. Rxh6+ 1-0

[Event "Ascona op 14th"]
[Site "Ascona"]
[Date "2021.03.28"]
[Round "4"]
[White "Jaggy, Matteo"]
[Black "Loeffler, Markus"]
[Result "0-1"]
[WhiteElo "1887"]
[BlackElo "2310"]
[PlyCount "116"]
[EventDate "2021.03.26"]
[EventType "swiss"]
[EventRounds "5"]
[EventCountry "SUI"]
[SourceTitle "CBM 202 Extra"]
[Source "ChessBase"]
[SourceDate "2021.07.31"]
[SourceVersion "1"]
[SourceVersionDate "2021.07.31"]
[SourceQuality "1"]

1. d4 Nf6 2. c4 g6 3. Nc3 d5 4. cxd5 Nxd5 5. e4 Nxc3 6. bxc3 Bg7 7. Nf3 c5 8. Be3 Qa5 9. Nd2 Nd7 10. Qb3 0-0 11. Be2 cxd4 12. cxd4 Nc5 13. Qc2 Rd8 14. e5 Na4 15. 0-0 Nc3 16. Bd3 Nd5 17. Nb3 Qa4 18. Qb2 b6 19. Be4 Be6 20. Rfc1 Bxe5 21. Bc2 Bf6 22. Nc5 Qb4 23. Qxb4 Nxb4 24. Nxe6 fxe6 25. Bb3 Bxd4 26. Bxd4 Rxd4 27. Bxe6+ Kg7 28. a3 Nd3 29. Rc7 Kf6 30. Bc8 Rd6 31. g3 a5 32. Ra2 h6 33. Bg4 Ne5 34. Bc8 Nf3+ 35. Kg2 Nd4 36. Bg4 Rad8 37. Rb2 h5 38. Be2 Nxe2 39. Rxe2 R8d7 40. Rc4 Rd4 41. Rc6+ R7d6 42. Rc7 e5 43. Rb7 Rd3 44. a4 R3d4 45. Rb2 Rb4 46. Rxb4 axb4 47. Rc7 Ke6 48. Rc1 Rd4 49. Rc6+ Kd5 50. Rxb6 Kc4 51. a5 b3 52. a6 Kc3 53. a7 Ra4 54. Rc6+ Kd2 55. Rd6+ Kc2 56. Rc6+ Kb1 57. Rb6 b2 58. Rb8 Rxa7 0-1

[Event "Lugano Special Edition op 19th"]
[Site "Lugano"]
[Date "2021.03.14"]
[Round "4"]
[White "Jaggy, Matteo"]
[Black "Schnell, Simon"]
[Result "1-0"]
[WhiteElo "1887"]
[BlackElo "1665"]
[PlyCount "109"]
[EventDate "2021.03.12"]
[EventType "swiss"]
[EventRounds "5"]
[EventCountry "SUI"]
[SourceTitle "CBM 201 Extra"]
[Source "ChessBase"]
[SourceDate "2021.05.31"]
[SourceVersion "1"]
[SourceVersionDate "2021.05.31"]
[SourceQuality "1"]

1. d4 d5 2. c4 e6 3. Nf3 Nf6 4. g3 dxc4 5. Bg2 Bd7 6. 0-0 Bc6 7. Nbd2 b5 8. Qc2 Bb7 9. a4 a6 10. b3 cxb3 11. Nxb3 Nbd7 12. Nc5 Bxc5 13. dxc5 Be4 14. Qc3 0-0 15. Bb2 Rb8 16. Rfd1 b4 17. Qe3 Bd5 18. Ne5 Nxe5 19. Qxe5 Qc8 20. g4 Rd8 21. g5 Ne8 22. e4 Bb3 23. Re1 Rd2 24. Re3 Bc4 25. Rc1 Ba2 26. Bf3 Qd7 27. Bh5 Rd8 28. Rf3 Rxb2 29. Qxb2 g6 30. Qxa2 Qe7 31. h4 gxh5 32. Qe2 e5 33. Qxa6 Qd7 34. Qc4 Qg4+ 35. Rg3 Qxh4 36. a5 Qf4 37. a6 Rd4 38. Qf1 h4 39. Rg2 Qxe4 40. a7 Ng7 41. Qa6 Rd8 42. c6 h3 43. Rg3 Qf4 44. Ra1 h2+ 45. Kh1 Nf5 46. Rg2 Nh4 47. a8Q Rxa8 48. Qxa8+ Kg7 49. Qd8 Nxg2 50. Qf6+ Qxf6 51. gxf6+ Kxf6 52. Kxg2 Ke6 53. Rb1 Kd6 54. Rxb4 Kxc6 55. Rh4 1-0

[Event "Zuerich Christmas op 44th"]
[Site "Tornelo INT"]
[Date "2020.12.28"]
[Round "4"]
[White "Richter, Philipp2222"]
[Black "Jaggy, Matteo"]
[Result "1-0"]
[WhiteElo "2233"]
[BlackElo "1887"]
[PlyCount "101"]
[EventDate "2020.12.26"]
[EventType "swiss"]
[EventRounds "7"]
[EventCountry "SUI"]
[SourceTitle "CBM 200 Extra"]
[Source "ChessBase"]
[SourceDate "2021.03.31"]
[SourceVersion "1"]
[SourceVersionDate "2021.03.31"]
[SourceQuality "1"]

1. d4 Nf6 2. c4 g6 3. f3 d5 4. cxd5 Nxd5 5. e4 Nb6 6. Nc3 Bg7 7. Be3 0-0 8. Qd2 Nc6 9. 0-0-0 Qd6 10. Kb1 Rd8 11. Nb5 Qd7 12. d5 a6 13. dxc6 Qxd2 14. Rxd2 Rxd2 15. Bxd2 axb5 16. cxb7 Bxb7 17. Bxb5 f5 18. exf5 Bd5 19. b3 gxf5 20. Ne2 Bxb3 21. Nc1 Nc4 22. Bb4 Rb8 23. Nxb3 Rxb5 24. Bxe7 Re5 25. Rc1 Rxe7 26. Rxc4 Re2 27. Rc2 Re1+ 28. Nc1 Be5 29. Re2 Rxe2 30. Nxe2 Bxh2 31. f4 Kf7 32. Kc2 Ke6 33. Kd3 Kd5 34. g3 c5 35. Ke3 c4 36. Kf2 Kc5 37. Kg2 Bxg3 38. Kxg3 Kb4 39. Kh4 h6 40. Kh5 Ka3 41. Kg6 Kb2 42. Kxf5 Kc2 43. Ke4 Kd2 44. Kf3 h5 45. f5 h4 46. f6 h3 47. f7 h2 48. Ng3 c3 49. f8Q c2 50. Qd6+ Kc1 51. Ne2+ 1-0

[Event "Flims op 9th"]
[Site "Flims"]
[Date "2020.10.10"]
[Round "2"]
[White "Jaggy, Matteo"]
[Black "Rohrer, Christophe"]
[Result "0-1"]
[WhiteElo "1897"]
[BlackElo "2240"]
[PlyCount "98"]
[EventDate "2020.10.09"]
[EventType "swiss"]
[EventRounds "5"]
[EventCountry "SUI"]
[SourceTitle "CBM 198 Extra"]
[Source "ChessBase"]
[SourceDate "2020.11.30"]
[SourceVersion "1"]
[SourceVersionDate "2020.11.30"]
[SourceQuality "1"]

1. d4 Nf6 2. c4 e6 3. g3 d5 4. Bg2 Be7 5. Nf3 0-0 6. 0-0 dxc4 7. Ne5 Nc6 8. Nxc6 bxc6 9. e3 Nd5 10. Qa4 a5 11. Bd2 Ba6 12. Rc1 Bb5 13. Qc2 a4 14. Bc3 Qd7 15. Nd2 Rfd8 16. Nf3 a3 17. Ne5 Qe8 18. b3 cxb3 19. axb3 f6 20. Nc4 Qg6 21. Be4 Qh5 22. Ra2 Ra6 23. Be1 Rda8 24. Bd3 Bb4 25. e4 Bxe1 26. exd5 cxd5 27. Nd2 Bxd3 28. Qxd3 Bxd2 29. Qxd2 c6 30. Rca1 Qf7 31. b4 Qa7 32. Re1 Qe7 33. Re3 e5 34. Qe1 e4 35. Rb3 Qb7 36. Kg2 Ra4 37. Qc3 Qa6 38. Qc5 Qb5 39. Qc3 Qc4 40. Qxc4 dxc4 41. Rc3 Rxb4 42. Raxa3 Rd8 43. Ra6 Rxd4 44. Rxc6 Rb2 45. R6xc4 Rdd2 46. Rxe4 Rxf2+ 47. Kh3 f5 48. Rc8+ Kf7 49. Rc7+ Kf6 0-1

[Event "Wohlen op 1st"]
[Site "Wohlen"]
[Date "2020.08.23"]
[Round "4"]
[White "Paholok, Igor"]
[Black "Jaggy, Matteo"]
[Result "0-1"]
[WhiteElo "1654"]
[BlackElo "1889"]
[PlyCount "76"]
[EventDate "2020.08.21"]
[EventType "swiss"]
[EventRounds "5"]
[EventCountry "SUI"]
[SourceTitle "CBM 198 Extra"]
[Source "ChessBase"]
[SourceDate "2020.11.30"]
[SourceVersion "1"]
[SourceVersionDate "2020.11.30"]
[SourceQuality "1"]

1. b4 e5 2. Bb2 d6 3. e3 f5 4. c4 Nf6 5. Nf3 g6 6. Nc3 Bg7 7. Qb3 e4 8. Ng5 h6 9. Nh3 Be6 10. Nf4 Bf7 11. d4 g5 12. Nfe2 d5 13. Ng1 c6 14. Nh3 Nbd7 15. c5 Qc7 16. Be2 Ke7 17. a4 Be6 18. f4 exf3 19. gxf3 f4 20. Ng1 fxe3 21. Nd1 Rae8 22. Nxe3 Kd8 23. 0-0-0 Nh5 24. Ng2 Bh3 25. Nxh3 Rxe2 26. Rd2 Rhe8 27. Qd3 R2e6 28. Rdd1 Ndf6 29. Kb1 Qd7 30. Bc1 Re2 31. Ne3 R2xe3 32. Bxe3 Qxh3 33. Bf2 Nf4 34. Qf1 Qxf3 35. Re1 Qb3+ 36. Ka1 Qxa4+ 37. Kb1 Qxb4+ 38. Ka1 Ne4 0-1

[Event "Wil Acrevis op 1st"]
[Site "Wil"]
[Date "2020.06.20"]
[Round "3"]
[White "Kuegel, Tobias"]
[Black "Jaggy, Matteo"]
[Result "1-0"]
[WhiteElo "2271"]
[BlackElo "1896"]
[PlyCount "53"]
[EventDate "2020.06.19"]
[EventType "swiss"]
[EventRounds "5"]
[EventCountry "SUI"]
[SourceTitle "CBM 197 Extra"]
[Source "ChessBase"]
[SourceDate "2020.09.30"]
[SourceVersion "1"]
[SourceVersionDate "2020.09.30"]
[SourceQuality "1"]

1. e4 c5 2. c4 e5 3. d3 Nc6 4. Nc3 d6 5. g3 Be7 6. Bg2 Nf6 7. Nge2 Nd4 8. 0-0 0-0 9. f4 Bd7 10. Nxd4 cxd4 11. Nd5 Nxd5 12. exd5 f6 13. Bd2 Rb8 14. Qb3 Kh8 15. Qa3 a6 16. Bb4 Qb6 17. Ba5 Qc5 18. Qxc5 dxc5 19. Bc7 Ra8 20. d6 Bd8 21. fxe5 Bxc7 22. dxc7 Rae8 23. exf6 b5 24. fxg7+ Kxg7 25. Rxf8 Kxf8 26. cxb5 Bxb5 27. Bh3 1-0